Central Library OPAC University of Rajshahi

انتخاب مضامين سرسيد برے ;; Intekhab i sir sayed / (Record no. 81677)

MARC details
000 -LEADER
fixed length control field 00651nam a22002057a 4500
001 - CONTROL NUMBER
control field 81677
003 - CONTROL NUMBER IDENTIFIER
rucl marc code BD-RjUL
005 - DATE AND TIME OF LATEST TRANSACTION
control field 20230813114112.0
008 - FIXED-LENGTH DATA ELEMENTS--GENERAL INFORMATION
fixed length control field 230813s195? p ||||| |||| 00| 0 ur d
035 ## - SYSTEM CONTROL NUMBER
System control number (BD-RjUL)81677
040 ## - CATALOGING SOURCE
Original cataloging agency BD-RjUL
Language of cataloging eng
Transcribing agency BD-RjUL
041 ## - LANGUAGE CODE
Language code of text/sound track or separate title urd
082 ## - DEWEY DECIMAL CLASSIFICATION NUMBER
Edition number 23
Classification number 891.4393
Author mark and year KHI 195?
100 ## - MAIN ENTRY--PERSONAL NAME
Personal name Khan, Sir Syed Ahmed ;; خان٫ سر سید احمد
9 (RLIN) 8323
245 ## - TITLE STATEMENT
Title انتخاب مضامين سرسيد برے ;; Intekhab i sir sayed /
Statement of responsibility, etc. Sir sayed ahmad ;; سر سید احمد خاں
260 ## - PUBLICATION, DISTRIBUTION, ETC. (IMPRINT)
Place of publication, distribution, etc. lahore :
Name of publisher, distributor, etc. farman Ali ,
Date of publication, distribution, etc. 195?
300 ## - PHYSICAL DESCRIPTION
Pagination 125 p. . ;
Size 19 cm
650 ## - SUBJECT ADDED ENTRY--TOPICAL TERM
Topical term or geographic name as entry element Urdu Literature
942 ## - ADDED ENTRY ELEMENTS (KOHA)
Source of classification or shelving scheme Dewey Decimal Classification
Koha item type Books
Holdings
Lost status Source of classification or shelving scheme Damaged status Not for loan Collection code Permanent Location Current Location Shelving location Date acquired Total Checkouts Full call number Date last seen Copy number Koha item type
  Dewey Decimal Classification   Not For Loan Non-fiction Central Library, University of Rajshahi Central Library, University of Rajshahi Reading Room 13/08/2023   U 891.4393 KHI 195? 13/08/2023 C-1 Books